Welcome to the Holygrace Academy Library

Please use search bar below to get started

COMPREHENSIVE BIOLOGY (Record no. 725)

MARC details
000 -LEADER
fixed length control field 00317nam a22001337a 4500
020 ## - INTERNATIONAL STANDARD BOOK NUMBER
ISBN 978-81-318-0810-8
082 ## - DEWEY DECIMAL CLASSIFICATION NUMBER
Classification number 574
Item number SHA/B
100 ## - MAIN ENTRY--AUTHOR NAME
Personal name Dr.J.P.SHARMA
245 ## - TITLE STATEMENT
Title COMPREHENSIVE BIOLOGY
Remainder of title CLASS XII
260 ## - PUBLICATION, DISTRIBUTION, ETC. (IMPRINT)
Place of publication DELHI
Name of publisher LAXMI PUBLICATIONS
300 ## - PHYSICAL DESCRIPTION
Number of Pages 586
650 ## - SUBJECT ADDED ENTRY--TOPICAL TERM
Topical Term BIOLOGY FOR CLASS XII
Geographic subdivision INDIA
942 ## - ADDED ENTRY ELEMENTS (KOHA)
Koha item type Books
Holdings
Withdrawn status Lost status Collection code Home library Current library Shelving location Date acquired Source of acquisition Cost, normal purchase price Full call number Accession Number Koha item type
    Reference Main Library Main Library SHELF-9 E XII BIOLOGY 16/07/2014 purchase 450.00 574 SHA/B 08887 Books
    Reference Main Library Main Library SHELF-9 E XII BIOLOGY 17/05/2017 purchase 295.00 574 SHA/B 07757 Books
    Reference Main Library Main Library SHELF-9 E XII BIOLOGY 17/06/2011 purchase 375.00 574 SHA/B 05940 Books
    Reference Main Library Main Library SHELF-9 E XII BIOLOGY 30/09/2008 purchase   574 SHA/B 04383 Books